Zlatá kniha relaxačních omalovánek /

Hlavní autor: Floßdorf, Martina
Další autoři: Kuhlendahl, Susanne, Martens, Cordula, Thies, Tobias, 1974-, Schwab, Ursula, 1959-
Jazyk: Čeština
Vydáno: Ostrava : Bookmedia s.r.o., 2016
Edice: Topp (Bookmedia)
Témata:
Fyzický popis: 285 nečíslovaných obrazových stran : jednobarevné ; 24 x 19 cm
Grafika
Uloženo v:
LEADER 01590nkm a2200433 i 4500
001 001509978
003 CZ BrMZK
005 20160222092546.0
007 kf ao
008 160209s2016 xr nnn e kncze
020 |a 978-80-88036-47-0  |q (vázáno) 
040 |a BOA001  |b cze  |e rda 
072 7 |a 74  |x Kresba. Umělecká řemesla  |2 Konspekt  |9 21 
080 |a 741  |2 MRF 
080 |a 613.86  |2 MRF 
080 |a (084.053.2)  |2 MRF 
080 |a (076.1)  |2 MRF 
100 1 |a Floßdorf, Martina  |4 ill 
245 1 0 |a Zlatá kniha relaxačních omalovánek /  |c ilustrace: Martina Floßdorf, Susanne Kuhlendahl, Cordula Martens, Tobias Thies, Ursula Schwab 
264 1 |a Ostrava :  |b Bookmedia s.r.o.,  |c 2016 
300 |a 285 nečíslovaných obrazových stran :  |b jednobarevné ;  |c 24 x 19 cm 
336 |a statický obraz  |b sti  |2 rdacontent 
337 |a bez média  |b n  |2 rdamedia 
338 |a svazek  |b nc  |2 rdacarrier 
490 1 |a Topp 
500 |a Podle německého vydání 
650 0 7 |a kreslení  |7 ph121945  |2 czenas 
650 0 7 |a relaxace  |7 ph125108  |2 czenas 
655 7 |a omalovánky  |7 fd182999  |2 czenas 
655 7 |a pracovní sešity  |7 fd133116  |2 czenas 
700 1 |a Kuhlendahl, Susanne  |7 mzk2015889109  |4 ill 
700 1 |a Martens, Cordula  |7 mzk2016903115  |4 ill 
700 1 |a Thies, Tobias,  |d 1974-  |7 mzk2015889115  |4 ill 
700 1 |a Schwab, Ursula,  |d 1959-  |7 mzk2015889122  |4 ill 
830 0 |a Topp (Bookmedia)  |0 s 
910 |a BOA001  |b 2-1363.038 
990 |a GP 
991 |b 201602  |c NOV 
996 6 |b 2610660496  |c 2-1363.038  |l MZK  |r Sklad / do 1 hodiny  |n 0  |p p.v.  |w 001546476  |u 000010  |a 1  |e BOA001  |j MZK50  |s P